Nghiên cứu mối quan hệ định lượng giữa cấu trúc và hoạt tính kháng khuẩn của các dẫn xuất quinolone /
Guardat en:
| Autor principal: | |
|---|---|
| Format: | Article |
| Idioma: | Vietnamese |
| Matèries: | |
| Etiquetes: |
Afegir etiqueta
Sense etiquetes, Sigues el primer a etiquetar aquest registre!
|
| Thư viện lưu trữ: | Thư viện Trường Đại học Đà Lạt |
|---|
| LEADER | 00908nam a2200277 4500 | ||
|---|---|---|---|
| 001 | DLU120137231 | ||
| 005 | ##20120713 | ||
| 040 | # | # | |a DLU |b vie |
| 041 | # | # | |a vie |
| 044 | # | # | |a vn |
| 100 | # | # | |a Phạm Văn Tất. |
| 245 | # | # | |a Nghiên cứu mối quan hệ định lượng giữa cấu trúc và hoạt tính kháng khuẩn của các dẫn xuất quinolone / |c Phạm Văn Tất. |
| 653 | # | # | |a Công nghệ thông tin |
| 653 | # | # | |a Dẫn xuất |
| 653 | # | # | |a Hoạt tính háng khuẩn |
| 653 | # | # | |a Quan hệ định lượng |
| 773 | # | # | |t Thông báo khoa học trường Đại học Đà Lạt |g 2001, tr. 35-39 |
| 920 | # | # | |a Phòng Tạp chí -- Trung tâm Thông tin - Thư viện Trường Đại học Đà Lạt |
| 994 | # | # | |a DLU |
| 900 | # | # | |a True |
| 911 | # | # | |a Lý Thị Hồng Hạnh |
| 925 | # | # | |a G |
| 926 | # | # | |a A |
| 927 | # | # | |a BB |
| 980 | # | # | |a Thư viện Trường Đại học Đà Lạt |